[Event "COL-ch"]
[Site "Bogota"]
[Date "2018.11.08"]
[Round "4"]
[White "Ospina Loaiza, Jhonny"]
[Black "Gutierrez, Ramon"]
[Result "1-0"]
[WhiteElo "1961"]
[BlackElo "2126"]
[PlyCount "87"]
[EventDate "2018.11.06"]
[EventType "swiss"]
[EventRounds "9"]
[EventCountry "COL"]
[SourceTitle "CBM 187 Extra"]
[Source "ChessBase"]
[SourceDate "2018.11.04"]
[SourceVersion "1"]
[SourceVersionDate "2018.11.04"]
[SourceQuality "1"]

1. e4 e5 2. Nc3 Nf6 3. Bc4 Be7 4. d3 0-0 5. f4 Nc6 6. Nf3 d6 7. a3 Bg4 8. h3 Bxf3 9. Qxf3 Nd4 10. Qd1 exf4 11. Bxf4 c6 12. 0-0 Ne6 13. Bh2 a5 14. Qd2 b5 15. Ba2 b4 16. Ne2 bxa3 17. bxa3 d5 18. e5 Nd7 19. d4 Nb6 20. Qd3 c5 21. c3 c4 22. Qc2 Qd7 23. Bb1 g6 24. a4 Rab8 25. Ng3 Ng7 26. Nh1 Rb7 27. Nf2 h5 28. g4 Bh4 29. gxh5 Bxf2+ 30. Qxf2 Nxh5 31. Bxg6 Qxh3 32. Bf5 Qxc3 33. Qh4 f6 34. Qxh5 Re7 35. Kh1 Rg7 36. Rg1 Rff7 37. Rxg7+ Kxg7 38. Rg1+ Kf8 39. Qh8+ Ke7 40. exf6+ Rxf6 41. Rg7+ Rf7 42. Rxf7+ Kxf7 43. Qh7+ Ke8 44. Bg6+ 1-0

[Event "COL-ch"]
[Site "Palmira"]
[Date "2017.05.16"]
[Round "2"]
[White "Henao, Sebastian"]
[Black "Ospina Loaiza, Jhonny"]
[Result "0-1"]
[WhiteElo "1477"]
[BlackElo "1973"]
[PlyCount "63"]
[EventDate "2017.05.15"]
[EventType "swiss"]
[EventRounds "10"]
[EventCountry "COL"]
[SourceTitle "CBM 178 Extra"]
[Source "ChessBase"]
[SourceDate "2017.06.22"]
[SourceVersion "1"]
[SourceVersionDate "2017.06.22"]
[SourceQuality "1"]

1. d4 e5 2. dxe5 Nc6 3. Nf3 Qe7 4. g3 Nxe5 5. Nxe5 Qxe5 6. Bg2 Nf6 7. 0-0 Bc5 8. Nc3 d6 9. e3 Bg4 10. Qd3 0-0-0 11. Na4 h5 12. Nxc5 dxc5 13. Qb3 c6 14. Qxf7 Rd7 15. Qc4 h4 16. Qf4 Qe6 17. f3 g5 18. Qa4 Bh3 19. g4 Bxg2 20. Kxg2 h3+ 21. Kg1 Rh4 22. Qb3 Rxg4+ 23. Kh1 Qf5 24. e4 Rxe4 25. Be3 Rb4 26. Qc3 b6 27. b3 Nd5 28. Qd2 g4 29. Qf2 Nxe3 30. Qxe3 Qxc2 31. Rf2 Rd1+ 32. Qe1 0-1

[Event "Cali Region-ch"]
[Site "Cali"]
[Date "2017.04.30"]
[Round "5"]
[White "Cardoso Cardoso, Jose Gabriel"]
[Black "Ospina Loaiza, Jhonny"]
[Result "0-1"]
[WhiteElo "2100"]
[BlackElo "1973"]
[PlyCount "54"]
[EventDate "2017.04.28"]
[EventType "swiss"]
[EventRounds "7"]
[EventCountry "COL"]
[SourceTitle "CBM 178 Extra"]
[Source "ChessBase"]
[SourceDate "2017.06.22"]
[SourceVersion "1"]
[SourceVersionDate "2017.06.22"]
[SourceQuality "1"]

1. d4 Nf6 2. c4 e6 3. Nc3 Bb4 4. Qc2 b6 5. e4 Bxc3+ 6. bxc3 d6 7. e5 dxe5 8. dxe5 Nfd7 9. Qe4 c6 10. Ba3 Nc5 11. Bxc5 bxc5 12. Bd3 Qc7 13. f4 Nd7 14. Nf3 Rb8 15. 0-0 g6 16. Ng5 0-0 17. Qe3 Rd8 18. Rf3 Qa5 19. Rc1 Nf8 20. Ne4 Rb2 21. Nf6+ Kg7 22. Rh3 Qxa2 23. f5 Rxg2+ 24. Kh1 Qd2 25. Ne4 Rxh2+ 26. Rxh2 Qxe3 27. f6+ Kg8 0-1

[Event "COL sub zt 2.3.4"]
[Site "La Dorada"]
[Date "2016.11.07"]
[Round "9"]
[White "Ospina Loaiza, Jhonny"]
[Black "Vargas, Edwin Antonio"]
[Result "1-0"]
[WhiteElo "1939"]
[BlackElo "2049"]
[PlyCount "39"]
[EventDate "2016.11.02"]
[EventType "swiss"]
[EventRounds "9"]
[EventCountry "COL"]
[SourceTitle "CBM 175 Extra"]
[Source "ChessBase"]
[SourceDate "2016.12.12"]
[SourceVersion "1"]
[SourceVersionDate "2016.12.12"]
[SourceQuality "1"]

1. e4 c5 2. Nf3 d6 3. d4 cxd4 4. Nxd4 Nf6 5. Nc3 a6 6. Bc4 e6 7. Qe2 Be7 8. Bd2 0-0 9. Bb3 Nc6 10. Nxc6 bxc6 11. 0-0-0 Qc7 12. g4 Bd7 13. g5 Ne8 14. f4 Qb7 15. Rhg1 Nc7 16. Qh5 Rfd8 17. Rg3 c5 18. Rh3 e5 19. Qxf7+ Kh8 20. Rxh7+ 1-0

[Event "COL sub zt 2.3.4"]
[Site "La Dorada"]
[Date "2016.11.03"]
[Round "3"]
[White "Ospina Loaiza, Jhonny"]
[Black "Coca Cubillos, Jesus Alberto"]
[Result "1-0"]
[WhiteElo "1939"]
[BlackElo "2132"]
[PlyCount "53"]
[EventDate "2016.11.02"]
[EventType "swiss"]
[EventRounds "9"]
[EventCountry "COL"]
[SourceTitle "CBM 175 Extra"]
[Source "ChessBase"]
[SourceDate "2016.12.12"]
[SourceVersion "1"]
[SourceVersionDate "2016.12.12"]
[SourceQuality "1"]

1. e4 e5 2. f4 Bc5 3. Nf3 d6 4. c3 Nc6 5. d4 exd4 6. cxd4 Bb4+ 7. Nc3 Qe7 8. Bd3 Nf6 9. 0-0 Bg4 10. Nd5 Qd7 11. Nxb4 Nxb4 12. Bb1 0-0-0 13. Qb3 Bxf3 14. Qxf3 d5 15. e5 Ne4 16. f5 g6 17. Qa3 Nc6 18. b4 Kb8 19. Bd3 gxf5 20. Be3 Qe6 21. b5 Ne7 22. Bxe4 fxe4 23. Rf6 Qd7 24. Rxf7 Rhg8 25. Qxe7 Qxb5 26. Qxc7+ Ka8 27. Rc1 1-0

[Event "Cali Loyola Cup 13th"]
[Site "Cali"]
[Date "2011.08.25"]
[Round "3.3"]
[White "Torres Benitez, Fabio Ignacio"]
[Black "Ospina Loaiza, Jhonny"]
[Result "0-1"]
[WhiteElo "1660"]
[BlackElo "1958"]
[PlyCount "70"]
[EventDate "2011.08.25"]
[EventType "swiss"]
[EventRounds "7"]
[EventCountry "COL"]
[SourceTitle "EXT 2024"]
[Source "ChessBase"]
[SourceDate "2023.10.10"]
[SourceVersion "1"]
[SourceVersionDate "2023.10.10"]
[SourceQuality "1"]

1. e4 d5 2. exd5 Nf6 3. Nc3 Nxd5 4. Bc4 c6 5. Qf3 e6 6. Nge2 Nd7 7. d4 N7f6 8. Bg5 Be7 9. 0-0 h6 10. Nxd5 exd5 11. Bxf6 Bxf6 12. Bd3 Qb6 13. Qe3+ Be6 14. Bf5 Kd7 15. Bxe6+ fxe6 16. Rfe1 Rae8 17. c3 e5 18. Qh3+ Kc7 19. Qh5 Qxb2 20. Ng3 Qxc3 21. Nf5 Rhf8 22. Qg6 exd4 23. Rec1 Qd3 24. Rd1 Qe4 25. f3 Qe5 26. Re1 Qxe1+ 27. Rxe1 Rxe1+ 28. Kf2 Ra1 29. Nxg7 Rxa2+ 30. Kg3 Be5+ 31. Kh3 Rxf3+ 32. g3 Rff2 33. Ne6+ Kb6 34. Qe8 h5 35. Qd8+ Kb5 0-1

[Event "Pan American Continental"]
[Site "Cali"]
[Date "2010.11.22"]
[Round "9"]
[White "Avellaneda Arevalo, Ronald"]
[Black "Ospina Loaiza, Jhonny"]
[Result "0-1"]
[WhiteElo "1965"]
[BlackElo "2002"]
[PlyCount "58"]
[EventDate "2010.11.17"]
[EventType "swiss"]
[EventRounds "9"]
[EventCountry "COL"]
[SourceTitle "CBM 139 Extra"]
[Source "ChessBase"]
[SourceDate "2011.01.05"]
[SourceVersion "1"]
[SourceVersionDate "2011.01.05"]
[SourceQuality "1"]

1. e4 e5 2. Nf3 Nc6 3. Bb5 Bc5 4. 0-0 Nf6 5. Nxe5 Nxe5 6. d4 Bb6 7. dxe5 Nxe4 8. Qg4 c6 9. Qxe4 cxb5 10. Nc3 a6 11. Nd5 0-0 12. Be3 Bxe3 13. fxe3 b6 14. Nf6+ gxf6 15. Qxa8 fxe5 16. Qd5 Qc7 17. Rf3 Bb7 18. Rg3+ Kh8 19. Qd3 f5 20. Rf1 f4 21. exf4 Qc5+ 22. Kh1 exf4 23. Rh3 Rf7 24. Rxf4 Bxg2+ 25. Kxg2 Qg5+ 26. Rg3 Qxf4 27. Qc3+ Qf6 28. Qc8+ Rf8 29. Qxd7 Qf1# 0-1

[Event "Pan American Continental"]
[Site "Cali"]
[Date "2010.11.17"]
[Round "1"]
[White "Ospina Loaiza, Jhonny"]
[Black "Guerrero Sierra, Juan Carlos"]
[Result "0-1"]
[WhiteElo "2002"]
[BlackElo "2254"]
[PlyCount "66"]
[EventDate "2010.11.17"]
[EventType "swiss"]
[EventRounds "9"]
[EventCountry "COL"]
[SourceTitle "CBM 139 Extra"]
[Source "ChessBase"]
[SourceDate "2011.01.05"]
[SourceVersion "1"]
[SourceVersionDate "2011.01.05"]
[SourceQuality "1"]

1. e4 c5 2. Nf3 d6 3. d4 cxd4 4. Nxd4 Nf6 5. Nc3 g6 6. Be3 Bg7 7. Bc4 Nc6 8. Qd2 0-0 9. f3 Bd7 10. 0-0-0 Rc8 11. Bb3 Ne5 12. g4 b5 13. h4 b4 14. Nb1 a5 15. c3 bxc3 16. Nxc3 Nxf3 17. Nxf3 Nxe4 18. Qe1 Nxc3 19. bxc3 Bxc3 20. Qe2 a4 21. Bc2 Bxg4 22. Rhg1 Be6 23. Ng5 Bc4 24. Qf3 Qa5 25. Bd4 Bxd4 26. Rxd4 Qc5 27. Rdg4 Bb3 28. Kd2 Qa5+ 29. Ke3 Rxc2 30. Ne4 Bd5 31. Qd1 Bxe4 32. Rxe4 Qc5+ 33. Kf3 Qf2+ 0-1

[Event "Medellin Raza Menor 2100 op"]
[Site "Medellin"]
[Date "2010.11.12"]
[Round "3.1"]
[White "Sierra Mejia, Juan Pablo"]
[Black "Ospina Loaiza, Jhonny"]
[Result "1-0"]
[WhiteElo "1886"]
[BlackElo "2002"]
[PlyCount "27"]
[EventDate "2010.11.12"]
[EventType "swiss"]
[EventRounds "7"]
[EventCountry "COL"]
[SourceTitle "EXT 2024"]
[Source "ChessBase"]
[SourceDate "2023.10.10"]
[SourceVersion "1"]
[SourceVersionDate "2023.10.10"]
[SourceQuality "1"]

1. d4 e5 2. dxe5 Nc6 3. f4 f6 4. Nf3 Bc5 5. e4 fxe5 6. fxe5 Nxe5 7. Nxe5 Qh4+ 8. g3 Qxe4+ 9. Qe2 Qxh1 10. Ng6+ Ne7 11. Nxh8 d6 12. Bg5 d5 13. Qb5+ Bd7 14. Qxc5 1-0

[Event "Cartago op"]
[Site "Cartago"]
[Date "2010.11.01"]
[Round "6"]
[White "Ospina Loaiza, Jhonny"]
[Black "Perez Arroyave, Damian"]
[Result "1-0"]
[WhiteElo "2002"]
[BlackElo "1908"]
[PlyCount "53"]
[EventDate "2010.10.30"]
[EventType "swiss"]
[EventRounds "7"]
[EventCountry "COL"]
[SourceTitle "EXT 2011"]
[Source "ChessBase"]
[SourceDate "2010.11.26"]
[SourceVersion "1"]
[SourceVersionDate "2010.11.26"]
[SourceQuality "1"]

1. e4 e5 2. f4 Bc5 3. Nf3 d6 4. Nc3 a6 5. fxe5 dxe5 6. Nxe5 Qd4 7. Nd3 Ba7 8. b3 Nf6 9. Qf3 Bg4 10. Qf4 0-0 11. h3 Re8 12. hxg4 Nxe4 13. Kd1 Nc6 14. Bb2 g5 15. Qf5 Nf2+ 16. Nxf2 Qxf2 17. Qxh7+ Kf8 18. Qh6+ Ke7 19. Nd5+ Kd8 20. Qxg5+ Kc8 21. Qf5+ Re6 22. Bd3 Qxg2 23. Rh8+ Nd8 24. Ne7+ Kd7 25. Qd5+ Qxd5 26. Nxd5 Bf2 27. Bf5 1-0

[Event "Cartago op"]
[Site "Cartago"]
[Date "2010.10.31"]
[Round "3"]
[White "Ospina Loaiza, Jhonny"]
[Black "Castano, Duvan Martin"]
[Result "0-1"]
[WhiteElo "2002"]
[BlackElo "2311"]
[PlyCount "57"]
[EventDate "2010.10.30"]
[EventType "swiss"]
[EventRounds "7"]
[EventCountry "COL"]
[SourceTitle "EXT 2011"]
[Source "ChessBase"]
[SourceDate "2010.11.26"]
[SourceVersion "1"]
[SourceVersionDate "2010.11.26"]
[SourceQuality "1"]

1. e4 c5 2. Nc3 e6 3. Bc4 Nc6 4. a4 Nge7 5. Nf3 d5 6. Be2 d4 7. Nb5 Ng6 8. d3 e5 9. 0-0 a6 10. Na3 Bd6 11. Nc4 Bc7 12. Bg5 f6 13. Bd2 Be6 14. b3 b5 15. Nb2 0-0 16. Ne1 Qd7 17. h3 Ba5 18. Bxa5 Nxa5 19. Bg4 Nf4 20. Bxe6+ Qxe6 21. Nf3 c4 22. Qe1 c3 23. Nd1 Nc6 24. Ne3 dxe3 25. fxe3 Ng6 26. Qxc3 b4 27. Qe1 Qd6 28. Nd2 Na5 29. Qe2 0-1

[Event "Cartago op"]
[Site "Cartago"]
[Date "2010.10.30"]
[Round "2"]
[White "Torres, Saulo de Jesus"]
[Black "Ospina Loaiza, Jhonny"]
[Result "0-1"]
[WhiteElo "1861"]
[BlackElo "2002"]
[PlyCount "64"]
[EventDate "2010.10.30"]
[EventType "swiss"]
[EventRounds "7"]
[EventCountry "COL"]
[SourceTitle "EXT 2011"]
[Source "ChessBase"]
[SourceDate "2010.11.26"]
[SourceVersion "1"]
[SourceVersionDate "2010.11.26"]
[SourceQuality "1"]

1. e4 e5 2. Nf3 Nc6 3. Bb5 Bc5 4. d3 d6 5. c3 Qe7 6. Nbd2 Bd7 7. 0-0 Nf6 8. Nc4 a6 9. Bxc6 Bxc6 10. Ne3 g6 11. b4 Ba7 12. a4 a5 13. b5 Bd7 14. Nc4 Ng4 15. h3 h5 16. Bg5 f6 17. Bd2 g5 18. Nh2 Qh7 19. Qe2 Ke7 20. d4 Rag8 21. b6 cxb6 22. dxe5 fxe5 23. Qd3 Qg6 24. Be3 Nxh2 25. Kxh2 Bc6 26. Rfd1 Bb8 27. Nxb6 g4 28. Nd5+ Ke8 29. h4 g3+ 30. Kh1 gxf2 31. Bg5 Rf8 32. Ra2 Bxd5 0-1

[Event "Colombia Mire Lea Florida Cup"]
[Site "Colombia"]
[Date "2010.10.18"]
[Round "7.8"]
[White "Ospina Loaiza, Jhonny"]
[Black "Galindo, Gustavo"]
[Result "1-0"]
[WhiteElo "2002"]
[BlackElo "1627"]
[PlyCount "69"]
[EventDate "2010.10.16"]
[EventType "swiss"]
[EventRounds "7"]
[EventCountry "COL"]
[SourceTitle "EXT 2024"]
[Source "ChessBase"]
[SourceDate "2023.10.10"]
[SourceVersion "1"]
[SourceVersionDate "2023.10.10"]
[SourceQuality "1"]

1. e4 c6 2. d4 d5 3. Nc3 dxe4 4. Nxe4 Bf5 5. Ng3 Bg6 6. Nh3 Nd7 7. Nf4 e5 8. Nxg6 hxg6 9. Bc4 Ngf6 10. Qe2 Qc7 11. f4 0-0-0 12. fxe5 Nd5 13. Bd2 f6 14. exf6 gxf6 15. 0-0-0 f5 16. Bxd5 cxd5 17. Bg5 Bh6 18. Bxh6 Rxh6 19. Rd3 Kb8 20. Qe7 Rhh8 21. Qg5 Qb6 22. Ne2 Qe6 23. Nf4 Qe4 24. Nxg6 Rhg8 25. Qf4+ Ka8 26. Qxe4 fxe4 27. Rg3 Nf6 28. Rf1 Nd7 29. h4 Nf8 30. h5 Nxg6 31. hxg6 Kb8 32. Rf7 Kc8 33. Rc3+ Kb8 34. g7 Rc8 35. Rxc8+ 1-0

[Event "Cali Deptal Valle"]
[Site "Cali"]
[Date "2010.05.16"]
[Round "5"]
[White "Ospina Loaiza, Jhonny"]
[Black "Chaverra, Bismark"]
[Result "1-0"]
[WhiteElo "2007"]
[BlackElo "2138"]
[PlyCount "61"]
[EventDate "2010.05.14"]
[EventType "swiss"]
[EventRounds "8"]
[EventCountry "COL"]
[SourceTitle "EXT 2024"]
[Source "ChessBase"]
[SourceDate "2023.10.10"]
[SourceVersion "1"]
[SourceVersionDate "2023.10.10"]
[SourceQuality "1"]

1. e4 d6 2. d4 Nf6 3. Nc3 Nbd7 4. Bg5 e5 5. Nf3 Be7 6. Qd2 c6 7. 0-0-0 h6 8. Bh4 Qa5 9. Kb1 b5 10. Bd3 b4 11. Ne2 Rb8 12. Rhg1 g5 13. Bg3 Nh5 14. dxe5 dxe5 15. Bc4 Nxg3 16. hxg3 Nf8 17. Nc1 Ne6 18. Nd3 f6 19. Qe2 Ng7 20. Nd2 Ba6 21. Nb3 Qb6 22. Nxe5 Bxc4 23. Nxc4 Qc7 24. e5 f5 25. Nd6+ Kf8 26. Nc5 Rd8 27. Ncb7 Rb8 28. Nc5 Rd8 29. Qd3 Kg8 30. Qc4+ Kh7 31. Ne6 1-0

[Event "Cali Deptal Valle"]
[Site "Cali"]
[Date "2010.05.14"]
[Round "2"]
[White "Ospina Loaiza, Jhonny"]
[Black "Beltran, Carlos Armando"]
[Result "1/2-1/2"]
[WhiteElo "2007"]
[BlackElo "2210"]
[PlyCount "92"]
[EventDate "2010.05.14"]
[EventType "swiss"]
[EventRounds "8"]
[EventCountry "COL"]
[SourceTitle "EXT 2024"]
[Source "ChessBase"]
[SourceDate "2023.10.10"]
[SourceVersion "1"]
[SourceVersionDate "2023.10.10"]
[SourceQuality "1"]

1. e4 g6 2. d4 Bg7 3. Be3 Nf6 4. Nc3 d5 5. e5 Ne4 6. Nxe4 dxe4 7. Bc4 0-0 8. f3 c5 9. c3 cxd4 10. cxd4 b5 11. Bb3 Bb7 12. fxe4 Bxe4 13. Nf3 Nc6 14. 0-0 Bd5 15. Rc1 Rc8 16. Rc5 Bxb3 17. Qxb3 a6 18. Rfc1 Qd7 19. Qc3 Na7 20. Qa5 Rxc5 21. Rxc5 f6 22. Rc7 Qd8 23. Qb6 Nc8 24. Qb7 fxe5 25. Ng5 Bh6 26. Rd7 Qb6 27. Qd5+ e6 28. Qxe5 Rf5 29. Nxh7 Bxe3+ 30. Qxe3 Qc6 31. Rd8+ Kxh7 32. g4 Qc7 33. Qh3+ Rh5 34. Rxc8 Qxc8 35. gxh5 Qc1+ 36. Qf1 Qg5+ 37. Qg2 Qxh5 38. Qb7+ Kh6 39. Qxa6 Qg4+ 40. Kf1 Qf3+ 41. Kg1 Qd1+ 42. Kg2 Qe2+ 43. Kg3 Kh5 44. Qd6 Qe3+ 45. Kg2 Qe2+ 46. Kg3 Qe3+ 1/2-1/2

[Event "Bogota op 4th"]
[Site "Bogota"]
[Date "2009.10.31"]
[Round "5"]
[White "Rivera, Alberto"]
[Black "Ospina Loaiza, Jhonny"]
[Result "1-0"]
[WhiteElo "2389"]
[BlackElo "2010"]
[PlyCount "69"]
[EventDate "2009.10.29"]
[EventType "swiss"]
[EventRounds "9"]
[EventCountry "COL"]
[SourceTitle "EXT 2010"]
[Source "ChessBase"]
[SourceDate "2010.11.25"]
[SourceVersion "1"]
[SourceVersionDate "2010.11.25"]
[SourceQuality "1"]

1. d4 Nf6 2. Nf3 g6 3. c4 Bg7 4. g3 c5 5. d5 0-0 6. Nc3 d6 7. Bg2 Na6 8. 0-0 Nc7 9. h3 e6 10. a4 exd5 11. cxd5 Re8 12. Nd2 b6 13. Rb1 Ba6 14. Re1 Qd7 15. b3 Re7 16. Bb2 Rae8 17. Nc4 h5 18. e4 Bxc4 19. bxc4 h4 20. g4 Bh6 21. Nb5 Nxe4 22. Rxe4 Rxe4 23. Bxe4 Rxe4 24. Qf3 Rf4 25. Qc3 f6 26. Nxc7 Qxc7 27. Bc1 Qe7 28. Bxf4 Bxf4 29. Re1 Qd8 30. Re6 Kg7 31. Qb2 g5 32. Qb5 Kf7 33. Qc6 a5 34. Qb7+ Kg6 35. Re7 1-0